MLB All Star Game Starters Since 2010 - Statistics

General Stats
  • This quiz has been taken 337 times
    82 since last reset
  • The average score is 117 of 191
Answer Stats
Answer % Correct
Aaron Judge
93%
Cal Raleigh
91%
Félix Hernández
91%
Teoscar Hernández
91%
Albert Pujols
88%
Shohei Ohtani
88%
Corey Seager
86%
Gerrit Cole
86%
Giancarlo Stanton
86%
Mike Trout
86%
Paul Goldschmidt
86%
Will Smith
86%
Bryce Harper
84%
Derek Jeter
84%
Freddie Freeman
84%
Justin Verlander
84%
Mookie Betts
84%
Max Scherzer
83%
Ronald Acuña Jr.
83%
Trea Turner
83%
Aramis Ramirez
81%
Evan Longoria
81%
Francisco Lindor
81%
Hanley Ramirez
81%
José Ramírez
81%
Manny Machado
81%
Vladimir Guerrero
81%
Vladimir Guerrero Jr.
81%
Yadier Molina
81%
Carlos Correa
79%
David Ortiz
79%
Joey Votto
79%
Jose Altuve
79%
Paul Skenes
79%
Asdrúbal Cabrera
78%
Chris Sale
78%
Christian Yelich
78%
Clayton Kershaw
78%
Juan Soto
78%
Kyle Tucker
78%
Melky Cabrera
78%
Miguel Cabrera
78%
Nelson Cruz
78%
Pete Crow-Armstrong
78%
Tarik Skubal
78%
Byron Buxton
76%
Nolan Arenado
76%
Robinson Canó
76%
Willson Contreras
76%
Adam Jones
74%
David Wright
74%
Ichiro Suzuki
74%
Javier Báez
74%
J.D. Martinez
74%
Ketel Marte
74%
Rafael Devers
74%
Ryan Howard
74%
Salvador Perez
74%
Andrew McCutchen
72%
Buster Posey
72%
Josh Bell
72%
Marcus Semien
72%
Yordan Alvarez
72%
Alec Bohm
71%
Anthony Rizzo
71%
Joe Mauer
71%
José Bautista
71%
Kris Bryant
71%
Ryan Braun
71%
Tim Anderson
71%
Adley Rutschman
69%
Brandon Crawford
69%
Carl Crawford
69%
Fernando Tatis Jr.
69%
George Springer
69%
J.T. Realmuto
69%
Riley Greene
69%
William Contreras
69%
Xander Bogaerts
69%
Alex Bregman
67%
Daniel Murphy
67%
Gary Sánchez
67%
Gunnar Henderson
67%
José Abreu
67%
Sean Murphy
67%
Adolis García
66%
Cedric Mullins
66%
Gleyber Torres
66%
Adam Wainwright
64%
Adrián Beltré
64%
Chris Davis
64%
Yandy Díaz
64%
Alejandro Kirk
62%
Jacob Wilson
62%
Junior Caminero
62%
Randy Arozarena
62%
Cody Bellinger
60%
Josh Donaldson
60%
Josh Hamilton
60%
Matt Kemp
60%
Troy Tulowitzki
60%
Adrián González
59%
Corbin Carroll
59%
DJ LeMahieu
59%
Carlos González
57%
Charlie Blackmon
57%
Corbin Burnes
57%
David Price
57%
Lorenzo Cain
57%
Matt Cain
57%
Max Muncy
57%
Prince Fielder
57%
Steven Kwan
57%
Zac Gallen
57%
Eric Hosmer
55%
Jeff McNeil
55%
Marcell Ozuna
55%
Roy Halladay
55%
Carlos Santana
53%
Andrés Giménez
52%
Ben Zobrist
52%
Brandon Phillips
52%
Bryan Reynolds
52%
Matt Harvey
52%
Addison Russell
50%
Jackie Bradley Jr.
50%
Matt Holliday
50%
Jonah Heim
48%
Orlando Arcia
48%
Pablo Sandoval
48%
Alcides Escobar
47%
Jered Weaver
47%
Luis Arraez
47%
Josh Jung
45%
Yasiel Puig
45%
Brian McCann
43%
Dallas Keuchel
43%
Jurickson Profar
43%
Ryan O'Hearn
43%
Ryan Zimmerman
43%
Shane McClanahan
43%
Jonathan Lucroy
41%
Michael Brantley
41%
Carlos Beltrán
40%
Curtis Granderson
40%
Mike Napoli
40%
Zack Greinke
40%
J.J. Hardy
38%
Ubaldo Jiménez
38%
Scott Rolen
36%
Todd Frazier
34%
Adam Frazier
33%
Andre Ethier
33%
Justin Smoak
33%
Alex Avila
31%
Carlos Gómez
31%
Rickie Weeks
31%
Dan Uggla
28%
Hyun Jin Ryu
28%
Joc Pederson
28%
Jorge Polanco
28%
Nick Castellanos
28%
Jesse Winker
26%
Zack Cozart
26%
Jhonny Peralta
24%
Nick Markakis
24%
Wil Myers
24%
Johnny Cueto
22%
Lance Berkman
21%
Rafael Furcal
19%
Austin Hays
16%
Corey Dickerson
14%
Corey Hart
14%
Michael Cuddyer
12%
Martín Prado
10%
No matching quizzes found
Score Distribution
Percent of People with Each Score
Percentile by Number Answered
Your Score History
You have not taken this quiz since the last reset